00335nam a22001337a 450000500170000000800410001702000080005804100080006608200170007410000290009124500250012026000480014530000080019320180203144932.0160427b xxu||||| |||| 00| 0 eng d aN/A aeng b00284a004.6 aCarbeck, Hank and others aWindows 2000 Network aDelhibDream Tech Press, Dauryaganj, c2001 a310